[Event "Backa Open, Palanka YUG"]
[Site "?"]
[Date "2001.??.??"]
[Round "8"]
[White "Sanduleac, V."]
[Black "Pucovski, M."]
[Result "1-0"]
[WhiteElo "2455"]
[BlackElo "2280"]
[PlyCount "78"]
[EventDate "2001.??.??"]
[Source "www.chesslib.no"]
[SourceDate "2004.05.04"]

1. e4 c5 2. Nf3 d6 3. d4 cxd4 4. Qxd4 Nc6 5. Bb5 Qd7 6. Bxc6 bxc6 7. c4 e5 8. Qd3 f5 9. O-O Nf6 10. Nc3 Be7 11. exf5 Qxf5 12. Qxf5 Bxf5 13. Re1 O-O 14. b3 Bg4 15. Nd2 Rfe8 16. Ba3 d5 17. Bxe7 Rxe7 18. f3 Bh5 19. Rac1 Bf7 20. Na4 Rd8 21. Re2 Kf8 22. Nc5 Rde8 23. Rce1 g5 24. cxd5 cxd5 25. Nf1 Bg6 26. b4 e4 27. fxe4 Nxe4 28. Nxe4 Rxe4 29. Rxe4 dxe4 30. Ne3 Rd8 31. Rd1 Rxd1+ 32. Nxd1 Ke7 33. Kf2 Kd6 34. Nc3 Ke5 35. Ke3 h5 36. a3 Bf5 37. a4 h4 38. g3 hxg3 39. hxg3 Bd7 1-0

[Event "Asia U18"]
[Site "Kuala Lumpur MAS"]
[Date "1993.??.??"]
[Round "?"]
[White "Dzhumaev, Marat"]
[Black "Taha, Mohamad"]
[Result "1-0"]
[WhiteElo "2355"]
[BlackElo "2365"]
[PlyCount "65"]
[EventDate "1993.??.??"]
[Source "www.chesslib.no"]
[SourceDate "2004.05.04"]

1. e4 c5 2. Nf3 d6 3. d4 cxd4 4. Qxd4 Nc6 5. Bb5 Qd7 6. Qe3 a6 7. Ba4 b5 8. Bb3 e6 9. a4 b4 10. Nbd2 Qc7 11. Nc4 Be7 12. Qd3 Nf6 13. Bf4 e5 14. Be3 O-O 15. O-O Nd7 16. a5 Nc5 17. Bxc5 dxc5 18. Nb6 Ra7 19. Bd5 Nxa5 20. Bxf7+ Kxf7 21. Nd5 Qd8 22. Nxe5+ Kg8 23. Rxa5 Qxa5 24. Nc6 Qb5 25. Ndxe7+ Rxe7 26. Nxe7+ Kf7 27. Qd6 Qd7 28. Nxc8 Qxc8 29. Rd1 Re8 30. f3 Kg8 31. Rd5 Re6 32. Qxc5 Rc6 33. Qe7 1-0

[Event "2. Bundesliga West 0304"]
[Site "Germany"]
[Date "2003.11.23"]
[Round "3.6"]
[White "Boidman, Yuri"]
[Black "Gallinnis, Norbert"]
[Result "1-0"]
[WhiteElo "2418"]
[BlackElo "2301"]
[PlyCount "60"]
[EventDate "2003.12.14"]
[Source "Roberto Alvarez"]
[SourceDate "2004.01.26"]

1. e4 c5 2. Nf3 d6 3. d4 cxd4 4. Qxd4 Nc6 5. Bb5 Qd7 6. Qd3 a6 7. Ba4 b5 8. Bb3 e6 9. a4 b4 10. a5 Qc7 11. Qc4 Bd7 12. O-O Be7 13. Bf4 Nf6 14. e5 Nd5 15. exd6 Bxd6 16. Bxd6 Qxd6 17. Nbd2 O-O 18. Ne4 Qc7 19. Rfd1 Rfd8 20. Qc5 Be8 21. Bxd5 exd5 22. Rxd5 Rxd5 23. Qxd5 Rd8 24. Qg5 Kh8 25. Qc5 Qe7 26. h3 Kg8 27. Qe3 Rd5 28. Qb6 Nxa5 29. Re1 Nc4 30. Qxa6 Ne5 1-0

[Event "BL2-Ost 0304"]
[Site "Germany"]
[Date "2004.??.??"]
[Round "?.3"]
[White "Meier, Volker"]
[Black "Donchenko, Anatoly G"]
[Result "1/2-1/2"]
[WhiteElo "2305"]
[BlackElo "2410"]
[PlyCount "56"]
[EventDate "2003.10.??"]
[Source "Roberto Alvarez"]
[SourceDate "2004.07.26"]

1. e4 c5 2. Nf3 d6 3. d4 cxd4 4. Qxd4 Nc6 5. Bb5 Qd7 6. Qd3 a6 7. Bxc6 bxc6 8. c4 Qc7 9. O-O Nf6 10. Nc3 e5 11. Bg5 Nd7 12. b4 h6 13. Be3 Be7 14. Nd2 O-O 15. Rfc1 Nf6 16. f3 Be6 17. b5 Rfb8 18. Nd5 cxd5 19. cxd5 Qa5 20. dxe6 Qxb5 21. exf7+ Kxf7 22. Nc4 d5 23. Nxe5+ Kg8 24. Qxb5 Rxb5 25. exd5 Nxd5 26. Bd4 Nf4 27. Rc2 Ne6 28. Bb2 Rab8 1/2-1/2

[Event "Politiken Cup"]
[Site "Copenhagen DEN"]
[Date "1981.??.??"]
[Round "7"]
[White "Bednarski, Jacek B"]
[Black "McCambridge, Vincent"]
[Result "0-1"]
[WhiteElo "2380"]
[BlackElo "2335"]
[PlyCount "69"]
[EventDate "1981.??.??"]
[Source "www.chesslib.no"]
[SourceDate "2004.05.04"]

1. e4 c5 2. Nf3 d6 3. d4 cxd4 4. Qxd4 Nc6 5. Bb5 Qd7 6. Qd3 Nf6 7. Nc3 a6 8. Ba4 b5 9. Bb3 e6 10. Bg5 Bb7 11. O-O-O Rc8 12. Rhe1 Be7 13. Bxf6 gxf6 14. Nd4 Nxd4 15. Qxd4 Rg8 16. g3 Rg5 17. f4 Rgc5 18. e5 fxe5 19. fxe5 d5 20. Ne4 R5c7 21. Nf6+ Bxf6 22. exf6 a5 23. Kb1 a4 24. Qg4 Qd6 25. Qg8+ Qf8 26. Rxe6+ fxe6 27. Qxe6+ Kd8 28. Bxd5 Rd7 29. Qb6+ Rcc7 30. Qxb5 Qxf6 31. c4 a3 32. bxa3 Qf5+ 33. Kb2 Rxd5 34. Rxd5+ Bxd5 35. cxd5 0-1

[Event "Gausdal Int"]
[Site "Gausdal"]
[Date "1980.??.??"]
[Round "?"]
[White "Schneider, Lars Ake"]
[Black "Mundal, A."]
[Result "1-0"]
[WhiteElo "2450"]
[BlackElo "2240"]
[PlyCount "59"]
[EventDate "1980.04.??"]
[Source "ChessBase"]

1. e4 c5 2. Nf3 d6 3. d4 cxd4 4. Qxd4 Nc6 5. Bb5 Qd7 6. Qd1 a6 7. Bd3 Nf6 8. O-O e6 9. c4 Ne5 10. Nc3 Be7 11. Be3 O-O 12. b3 Nfg4 13. Nxe5 Nxe3 14. Nxd7 Nxd1 15. Nb6 Nxc3 16. Nxa8 Bd7 17. Nb6 Bc6 18. Rfe1 Bf6 19. a3 Bd4 20. Rac1 Rd8 21. Kf1 Kf8 22. f3 Ke7 23. Nd5+ Bxd5 24. exd5 e5 25. Rc2 b5 26. Rec1 bxc4 27. Bxc4 Nb5 28. Bxb5 axb5 29. Rc8 Rd7 30. R1c7 1-0

[Event "Oberliga Wuert 9495"]
[Site "Wuerttemberg"]
[Date "1995.??.??"]
[Round "?"]
[White "Holzhaeuer, Mathias"]
[Black "Oesterle, Peter"]
[Result "1/2-1/2"]
[WhiteElo "2330"]
[BlackElo "2360"]
[PlyCount "87"]
[EventDate "1994.10.??"]
[Source "www.chesslib.no"]
[SourceDate "2004.05.04"]

1. e4 c5 2. Nf3 d6 3. d4 cxd4 4. Qxd4 Nc6 5. Bb5 Qd7 6. Qd3 Nf6 7. O-O a6 8. Ba4 e6 9. Nbd2 Be7 10. c4 O-O 11. Nd4 Ne5 12. Qb3 Qc7 13. Kh1 d5 14. cxd5 b5 15. Qc2 Qb6 16. f4 Qxd4 17. fxe5 Ng4 18. Bb3 Nf2+ 19. Rxf2 Qxf2 20. h3 exd5 21. Bxd5 Bc5 22. Qd1 Ra7 23. Nf3 Qg3 24. Bd2 Be6 25. Rc1 Bf2 26. Bb4 Rd8 27. Bd6 Be3 28. Rc3 Bf4 29. Qg1 Rad7 30. Nd4 Qg6 31. Qf2 Bxd5 32. exd5 Qb1+ 33. Qg1 Qxg1+ 34. Kxg1 f6 35. Ne6 Bxe5 36. Bxe5 fxe5 37. Nxd8 Rxd8 38. Rc5 Kf7 39. Kf2 Ke7 40. Ke3 Kd6 41. Rc6+ Kxd5 42. Rxa6 Rd7 43. Rb6 Kc5 44. Re6 1/2-1/2

[Event "Cannes op"]
[Site "Cannes"]
[Date "1998.??.??"]
[Round "3"]
[White "Le Roux, Jean Pierre"]
[Black "Mrdja, Milan"]
[Result "0-1"]
[WhiteElo "2275"]
[BlackElo "2380"]
[PlyCount "68"]
[EventDate "1998.02.21"]
[Source "ChessBase"]
[SourceDate "1998.04.29"]

1. e4 c5 2. Nf3 d6 3. d4 cxd4 4. Qxd4 Nc6 5. Bb5 Qd7 6. Qd3 a6 7. Ba4 e6 8. c4 Qc7 9. Nc3 Bd7 10. Bf4 Nf6 11. O-O Ne5 12. Bxe5 dxe5 13. Bxd7+ Nxd7 14. Ng5 Be7 15. Qg3 Bf6 16. Rfd1 O-O 17. Rd3 Rad8 18. b3 Nb8 19. Re3 Nc6 20. Qg4 h6 21. Nh3 Nd4 22. Rf1 g6 23. Kh1 h5 24. Qd1 Bg7 25. Rd3 Nc6 26. Rxd8 Rxd8 27. Qc1 Qa5 28. f4 exf4 29. Qxf4 Rd7 30. Na4 Ne5 31. Qe3 Ng4 32. Qf3 b5 33. cxb5 axb5 34. Nc5 Qc7 0-1

[Event "AUT Team Ch"]
[Site "Austria"]
[Date "1991.??.??"]
[Round "?"]
[White "Wallner, Walter"]
[Black "Robatsch, Karl"]
[Result "1/2-1/2"]
[WhiteElo "2240"]
[BlackElo "2410"]
[PlyCount "109"]
[EventDate "1991.??.??"]
[Source "www.chesslib.no"]
[SourceDate "2004.05.04"]

1. e4 c5 2. Nf3 d6 3. d4 cxd4 4. Qxd4 Nc6 5. Bb5 Qd7 6. Bxc6 Qxc6 7. c4 Bg4 8. Bg5 h6 9. Bh4 Rc8 10. Nbd2 Bxf3 11. gxf3 Qc5 12. Qxc5 Rxc5 13. f4 g6 14. b4 Rc6 15. Ke2 Bg7 16. Rac1 Nf6 17. f3 Nh5 18. Ke3 Nxf4 19. Kxf4 g5+ 20. Kg4 gxh4 21. Kxh4 Bf6+ 22. Kh3 Bg5 23. Rhd1 O-O 24. Kg4 Bxd2 25. Rxd2 Rfc8 26. Rdc2 b6 27. Kf4 Kg7 28. Ke3 Kf6 29. Kd4 Rg8 30. Kd5 Rcc8 31. Kd4 Rg5 32. a3 Ke6 33. c5 dxc5+ 34. bxc5 Rgxc5 35. Rxc5 Rxc5 36. Rxc5 bxc5+ 37. Kxc5 Ke5 38. Kb5 Kf4 39. Ka6 Kxf3 40. Kxa7 Kxe4 41. a4 f5 42. a5 f4 43. a6 f3 44. Kb6 f2 45. a7 f1=Q 46. a8=Q+ Ke5 47. Qh8+ Ke6 48. Qxh6+ Qf6 49. Qxf6+ exf6 50. h4 f5 51. h5 Ke5 52. h6 Kf6 53. Kc5 f4 54. h7 Kg7 55. Kd4 1/2-1/2

[Event "EU-ch U20"]
[Site "Tallinn"]
[Date "1997.09.13"]
[Round "4"]
[White "Papazov, Ivajlo"]
[Black "Dumitrescu, Dragos"]
[Result "1/2-1/2"]
[WhiteElo "2240"]
[BlackElo "2410"]
[PlyCount "51"]
[EventDate "1997.09.10"]
[Source "ChessBase"]
[SourceDate "1997.09.26"]

1. e4 c5 2. Nf3 d6 3. d4 cxd4 4. Qxd4 Nc6 5. Bb5 Qd7 6. Bxc6 bxc6 7. c4 e5 8. Qd3 Nf6 9. Nc3 Be7 10. O-O Ba6 11. Rd1 Rd8 12. b3 O-O 13. Bg5 Qe6 14. Qe3 Rd7 15. h3 h6 16. Bxf6 Bxf6 17. Rd2 Rfd8 18. Rad1 Kh7 19. c5 Be7 20. Na4 f6 21. cxd6 Bxd6 22. Nc5 Bxc5 23. Qxc5 Rxd2 24. Rxd2 Rxd2 25. Nxd2 Qd7 26. Nc4 1/2-1/2

[Event "Osterskars Open"]
[Site "Osterskars"]
[Date "1995.??.??"]
[Round "4"]
[White "Norqvist, Jorgen"]
[Black "Tisdall, Jonathan D"]
[Result "0-1"]
[WhiteElo "2170"]
[BlackElo "2470"]
[PlyCount "88"]
[EventDate "1995.08.??"]
[Source "www.chesslib.no"]
[SourceDate "2004.05.04"]

1. e4 c5 2. Nf3 d6 3. d4 cxd4 4. Qxd4 Nc6 5. Bb5 Qd7 6. Qd3 a6 7. Ba4 b5 8. Bb3 e6 9. a4 Rb8 10. axb5 axb5 11. Nc3 Nf6 12. Nd4 Nxd4 13. Qxd4 Be7 14. O-O O-O 15. Bg5 h6 16. Bh4 Qc6 17. e5 dxe5 18. Qxe5 Bb7 19. f3 Ng4 20. Qg3 Bc5+ 21. Kh1 Ne3 22. Bf6 Nf5 23. Qg4 h5 24. Qg5 Be3 25. f4 Qxg2+ 26. Qxg2 Bxg2+ 27. Kxg2 gxf6 28. Ne2 Bc5 29. Kh3 Rfd8 30. Ng3 Ne3 31. Rf3 f5 32. Re1 Ng4 33. Re2 Kg7 34. Kg2 Kg6 35. Nf1 h4 36. c3 Nf6 37. Ne3 Ne4 38. Bc2 Kh5 39. Nf1 Rg8+ 40. Kh3 Nf6 41. Ne3 Rbd8 42. Ng2 Rg4 43. Re5 Rd2 44. Ne1 Bg1 0-1

[Event "Nassau CC Ch"]
[Site "Long Island"]
[Date "1995.??.??"]
[Round "?"]
[White "Kreiman, Boris"]
[Black "Mirabile, Tim"]
[Result "1/2-1/2"]
[WhiteElo "2400"]
[BlackElo "2230"]
[PlyCount "114"]
[EventDate "1995.??.??"]
[Source "www.chesslib.no"]
[SourceDate "2004.05.04"]

1. e4 c5 2. Nf3 d6 3. d4 cxd4 4. Qxd4 Nc6 5. Bb5 Qd7 6. Bxc6 bxc6 7. c4 e6 8. Nc3 Nf6 9. Bg5 Be7 10. Rd1 Qc7 11. O-O Ba6 12. Rfe1 Rd8 13. b3 O-O 14. h3 h6 15. Bh4 Rfe8 16. Qd2 d5 17. cxd5 cxd5 18. exd5 Nxd5 19. Bxe7 Nxe7 20. Qe3 Rxd1 21. Rxd1 Rc8 22. Ne4 Nd5 23. Qd2 Qc2 24. Nd6 Rc6 25. Nc4 Qxd2 26. Nfxd2 Kf8 27. a3 Ke7 28. g3 Bxc4 29. Nxc4 f6 30. Kf1 Nb6 31. Ne3 Rc3 32. Rb1 Nd5 33. Nc4 Rc2 34. Rb2 Rxb2 35. Nxb2 Kd6 36. Ke2 Kc5 37. Kd3 Nb6 38. h4 g5 39. Nd1 gxh4 40. gxh4 Nd5 41. Ne3 Nxe3 42. Kxe3 h5 43. Ke4 a6 44. f3 Kc6 45. Kd4 Kb5 46. Kd3 Kc5 47. Ke4 Kc6 48. Kd4 Kb5 49. f4 a5 50. Kd3 Kc5 51. Ke4 Kc6 52. Kd4 Kb5 53. Kd3 Kc5 54. Ke4 Kc6 55. Kd4 Kb5 56. Ke3 Kb6 57. Kd3 Kc5 1/2-1/2

[Event "ITT Club Argentino"]
[Site "?"]
[Date "1996.??.??"]
[Round "2"]
[White "Andres Miguel"]
[Black "Quiroga Facundo"]
[Result "1-0"]
[WhiteElo "2330"]
[BlackElo "2300"]
[PlyCount "71"]
[EventDate "1996.??.??"]
[Source "www.chesslib.no"]
[SourceDate "2004.05.04"]

1. e4 c5 2. Nf3 d6 3. d4 cxd4 4. Qxd4 Nc6 5. Bb5 Qd7 6. Qd3 a6 7. Bxc6 Qxc6 8. O-O Bd7 9. Nc3 Rc8 10. Nd4 Qc4 11. Nd5 Qxd3 12. cxd3 e5 13. Nb3 Nf6 14. Nb6 Rc7 15. Be3 Be7 16. Rfc1 Bd8 17. Nc4 Ke7 18. Bb6 Rc8 19. Nba5 Rb8 20. Ba7 Ra8 21. Bb6 Rb8 22. Bxd8+ Rhxd8 23. Nb6 Ne8 24. d4 exd4 25. Nb3 Be6 26. Nxd4 Nf6 27. Rc7+ Nd7 28. Rac1 Ke8 29. Nxe6 fxe6 30. Nc4 Ke7 31. Na5 e5 32. Nxb7 Rdc8 33. Rxc8 Rxb7 34. b3 Rb4 35. R1c4 Rb5 36. R4c7 1-0

[Event "65th ch-GEO w"]
[Site "Tbilisi GEO"]
[Date "2008.03.07"]
[Round "8"]
[White "Lomineishvili, M."]
[Black "Tsatsalashvili, K."]
[Result "0-1"]
[WhiteElo "2410"]
[BlackElo "2214"]
[PlyCount "126"]
[EventDate "2008.02.28"]
[Source "www.chesslib.no"]
[SourceDate "2004.05.04"]

1. e4 c5 2. Nf3 d6 3. d4 cxd4 4. Qxd4 Nc6 5. Bb5 Qd7 6. Bxc6 bxc6 7. Nc3 Rb8 8. O-O c5 9. Qd3 Qc6 10. Rd1 Ba6 11. Qe3 e6 12. Nd5 Ne7 13. Nf4 Ng6 14. Nh5 Bb7 15. Re1 Ba8 16. b3 f6 17. Bb2 Rb7 18. Rad1 Rf7 19. Nd2 Bb7 20. Nc4 Ba6 21. Qd3 Rd7 22. f4 e5 23. f5 Nf4 24. Nxf4 exf4 25. Rf1 Be7 26. Rxf4 O-O 27. Rg4 Rf7 28. Rh4 h6 29. Bc1 Bb5 30. Rg4 Kh7 31. Qg3 Bf8 32. Rh4 Bxc4 33. bxc4 Qa4 34. Qg6+ Kh8 35. Rg4 Qxc2 36. Rf1 Rfe7 37. Bxh6 Rxe4 38. Rg3 Qxc4 39. Bc1 Rb7 40. Rh3+ Kg8 41. Qh7+ Kf7 42. Qh5+ Ke7 43. Qd1 Qd4+ 44. Qxd4 Rxd4 45. Bf4 Rbb4 46. Rhf3 Kf7 47. Bg3 d5 48. Rc1 c4 49. Bf2 Re4 50. Rd1 Rb2 51. g3 d4 52. Rxd4 Rxf2 53. Rxe4 Rxf3 54. Rxc4 Rxf5 55. Rc7+ Kg6 56. Kg2 Bc5 57. a4 Rf2+ 58. Kh3 Bb6 59. Rc4 Rb2 60. g4 a5 61. Kg3 Rb4 62. Rc6 Bd4 63. h4 Be5+ 0-1

[Event "Bydgoszcz Bank Pocztowy op"]
[Site "Bydgoszcz"]
[Date "2000.06.02"]
[Round "5"]
[White "Starostits, Ilmars"]
[Black "Govashelishvili, Genadij"]
[Result "1/2-1/2"]
[WhiteElo "2374"]
[BlackElo "2240"]
[PlyCount "183"]
[EventDate "2000.05.28"]
[Source "ChessBase"]
[SourceDate "2000.07.11"]

1. e4 c5 2. Nf3 d6 3. d4 cxd4 4. Qxd4 Nc6 5. Bb5 Qd7 6. Qe3 a6 7. Ba4 b5 8. Bb3 e6 9. O-O Na5 10. Nc3 Bb7 11. Qe2 Ne7 12. Rd1 Ng6 13. h4 h5 14. Bg5 f6 15. Bc1 Be7 16. Qe1 Nxb3 17. axb3 Qc8 18. b4 Kf7 19. Qe3 Qc7 20. Nd4 Rag8 21. Qh3 Nf8 22. Rd3 g6 23. Be3 Qc4 24. Ncxb5 e5 25. Na3 Qc7 26. Rc3 Qd7 27. Qxd7 Nxd7 28. Nc6 Rc8 29. Nxe7 Kxe7 30. f3 Rxc3 31. bxc3 Rc8 32. c4 f5 33. exf5 gxf5 34. Re1 Ke6 35. Kf2 Nb8 36. c3 Nd7 37. Re2 Kf7 38. Ke1 f4 39. Bf2 Rg8 40. Kf1 Rc8 41. Ke1 Rg8 42. Ba7 Ra8 43. Bg1 Rg8 44. Bh2 Kf6 45. Kf1 Rc8 46. Bg1 Ke6 47. Rd2 Ba8 48. Rd3 Bb7 49. Bf2 Ke7 50. Rd1 Ke6 51. Re1 Ba8 52. Ke2 Rg8 53. Kf1 Rc8 54. Ra1 Bb7 55. Ra2 Ke7 56. Bg1 Ke6 57. Rd2 Ke7 58. Ke1 Rg8 59. Ba7 Ra8 60. Bf2 Rg8 61. Kf1 Rc8 62. Re2 Ke6 63. Bg1 Ba8 64. Ke1 Rg8 65. Bh2 Rf8 66. Kd2 Bb7 67. Kc2 Kf6 68. Kb3 Rg8 69. Nc2 Nf8 70. Ne1 Ng6 71. g3 fxg3 72. Bxg3 Nf8 73. Bh2 Ng6 74. Bg3 Nf8 75. Bh2 Ng6 76. Rd2 Ke7 77. Bg3 Nf8 78. Bf2 Ne6 79. b5 Rf8 80. b6 Rc8 81. Nd3 Bxf3 82. c5 dxc5 83. Nxe5 Be4 84. Bg3 Rd8 85. Rf2 Rd1 86. Rb2 Rg1 87. Bh2 Rg2 88. Rxg2 Bxg2 89. Ka4 Bb7 90. Nc4 Kd7 91. Na5 Kc8 92. Bd6 1/2-1/2

[Event "Ch Belgium (team) 2004/05"]
[Site "?"]
[Date "2004.11.07"]
[Round "3"]
[White "Cools Gorik"]
[Black "Ahn Martin"]
[Result "1-0"]
[WhiteElo "2316"]
[BlackElo "2298"]
[PlyCount "95"]
[EventDate "2004.??.??"]
[Source "www.chesslib.no"]
[SourceDate "2004.05.04"]

1. e4 c5 2. Nf3 d6 3. d4 cxd4 4. Qxd4 Nc6 5. Bb5 Qd7 6. Bxc6 Qxc6 7. Nc3 e5 8. Qd3 Be6 9. Bg5 h6 10. Bh4 Rc8 11. O-O-O g5 12. Bg3 Bc4 13. Qe3 h5 14. h4 g4 15. Nd2 b5 16. Kb1 Bh6 17. f4 gxf3 18. Qxf3 Be6 19. Qd3 b4 20. Nb5 Rd8 21. Nb3 Bg7 22. Nxd6+ Kf8 23. Rhf1 Rh6 24. Be1 Nf6 25. Bxb4 Kg8 26. Nf5 Rxd3 27. Ne7+ Kh7 28. Nxc6 Rxd1+ 29. Rxd1 Nxe4 30. Nxa7 Rg6 31. a4 Nf2 32. Re1 e4 33. Nc5 Bd5 34. b3 f5 35. c4 Ba8 36. Nb5 f4 37. Bc3 e3 38. Bxg7 Kxg7 39. Nc7 Bc6 40. N7e6+ Kh6 41. Nxf4 Rf6 42. Nce6 Ng4 43. g3 Bd7 44. Nd4 Rd6 45. Nd5 Kh7 46. Kb2 Nf2 47. Ka3 Ng4 48. Kb4 1-0

[Event "US Open"]
[Site "St Paul"]
[Date "1982.??.??"]
[Round "10"]
[White "Rose, John"]
[Black "Evans, Larry D"]
[Result "1-0"]
[WhiteElo "2228"]
[BlackElo "2377"]
[PlyCount "93"]
[EventDate "1982.08.??"]
[Source "www.chesslib.no"]
[SourceDate "2004.05.04"]

1. e4 c5 2. Nf3 d6 3. d4 cxd4 4. Qxd4 Nc6 5. Bb5 Qd7 6. Nc3 Nxd4 7. Nxd4 Nf6 8. Bg5 e6 9. O-O-O a6 10. Bxd7+ Bxd7 11. Rhe1 Be7 12. f4 h6 13. Bxf6 gxf6 14. f5 Rg8 15. g3 Rg4 16. Rd3 Rc8 17. Nd1 Bd8 18. Nf3 Ba5 19. c3 Ke7 20. Nf2 Rgg8 21. Nd4 b5 22. Kb1 Bb6 23. Nd1 a5 24. Ne3 Bc5 25. g4 h5 26. gxh5 Rg5 27. h6 Rh8 28. h4 Rgg8 29. Nf3 Rxh6 30. Nf1 Bc6 31. Nd4 Bd7 32. Rh3 Rgh8 33. Nf3 Bc6 34. Ng3 Rg8 35. Re2 Rg4 36. h5 d5 37. fxe6 Rxg3 38. Rxg3 dxe4 39. exf7 Kxf7 40. Nd4 Bxd4 41. cxd4 Rxh5 42. Rc3 Bd5 43. Rc5 Ke6 44. Kc1 f5 45. Rxb5 Rh1+ 46. Kd2 f4 47. Rxe4+ 1-0

[Event "Tbilisi op"]
[Site "?"]
[Date "1996.??.??"]
[Round "?"]
[White "Nadanian Ashot"]
[Black "Kashashvili Alexandre"]
[Result "1-0"]
[WhiteElo "2345"]
[BlackElo "2255"]
[PlyCount "63"]
[EventDate "1996.??.??"]
[Source "www.chesslib.no"]
[SourceDate "2004.05.04"]

1. e4 c5 2. Nf3 d6 3. d4 cxd4 4. Qxd4 Nc6 5. Bb5 Qd7 6. Qe3 a6 7. Be2 e6 8. O-O Be7 9. c4 Nf6 10. Rd1 Qc7 11. h3 O-O 12. Nc3 b6 13. b3 Bb7 14. Bb2 Rac8 15. Rac1 Nb8 16. Ba3 Rfe8 17. Qf4 Red8 18. Rd2 b5 19. Rcd1 Qa5 20. Bxd6 Rxd6 21. Rxd6 Bxd6 22. Qxd6 b4 23. Na4 Nxe4 24. Qe7 Bc6 25. Ne5 Ng5 26. f4 Bxa4 27. bxa4 f6 28. Nd7 Nf7 29. Bg4 Nc6 30. Qxe6 Na7 31. Re1 h6 32. Bf5 1-0

[Event "Calcutta op2"]
[Site "Calcutta IND"]
[Date "1994.??.??"]
[Round "?"]
[White "Gupta, Radhey S"]
[Black "Tilak, Sharad S"]
[Result "0-1"]
[WhiteElo "2235"]
[BlackElo "2360"]
[PlyCount "86"]
[EventDate "1994.??.??"]
[Source "www.chesslib.no"]
[SourceDate "2004.05.04"]

1. e4 c5 2. Nf3 d6 3. d4 cxd4 4. Qxd4 Nc6 5. Bb5 Qd7 6. Bxc6 bxc6 7. O-O e5 8. Qe3 Nf6 9. c4 Qc7 10. Nc3 Be7 11. b3 O-O 12. Bb2 Ng4 13. Qe2 f5 14. h3 fxe4 15. Nxe4 Nf6 16. c5 Nxe4 17. Qxe4 d5 18. Qxe5 Qxe5 19. Bxe5 Bxh3 20. Nd4 Bd7 21. Rac1 Rae8 22. Rfe1 Bg5 23. Rcd1 Rf7 24. Bd6 Rxe1+ 25. Rxe1 h6 26. g3 Bd2 27. Rd1 Bc3 28. Rd3 Bb4 29. f3 h5 30. Kg2 g5 31. Re3 h4 32. gxh4 gxh4 33. Re7 Rxe7 34. Bxe7 Kf7 35. Bd6 Kf6 36. f4 Kg6 37. Kh2 Kh5 38. Kg2 Kg4 39. Kh2 Bd2 40. Ne2 Kf3 41. Nd4+ Ke4 42. Ne2 d4 43. Be7 d3 0-1

[Event "GEO-ch I Liga"]
[Site "?"]
[Date "2002.04.30"]
[Round "6"]
[White "Tereladze Sopiko"]
[Black "Kashashvili Alexandre"]
[Result "0-1"]
[WhiteElo "2251"]
[BlackElo "2319"]
[PlyCount "58"]
[EventDate "2002.??.??"]
[Source "www.chesslib.no"]
[SourceDate "2004.05.04"]

1. e4 c5 2. Nf3 d6 3. d4 cxd4 4. Qxd4 Nc6 5. Bb5 Qd7 6. Bxc6 bxc6 7. c4 e5 8. Qd3 Qc7 9. O-O Be7 10. b3 Nf6 11. Nc3 O-O 12. Re1 h6 13. Na4 d5 14. cxd5 cxd5 15. exd5 e4 16. Qc4 Qd6 17. Nd2 Ng4 18. Nf1 Nxf2 19. Bxh6 Bf6 20. Be3 Nd3 21. Qxe4 Nxe1 22. Rxe1 Rd8 23. Bd4 Bf5 24. Qxf5 Bxd4+ 25. Kh1 g6 26. Qf3 Kg7 27. Ng3 Qxd5 28. Qg4 Rh8 29. h3 Rxh3+ 0-1

[Event "HUN Team Ch"]
[Site "HUN"]
[Date "1993.??.??"]
[Round "?"]
[White "Bardossi, Jeno"]
[Black "Kovacs, Janos"]
[Result "1-0"]
[WhiteElo "2265"]
[BlackElo "2290"]
[PlyCount "73"]
[EventDate "1993.??.??"]
[Source "www.chesslib.no"]
[SourceDate "2004.05.04"]

1. e4 c5 2. Nf3 d6 3. d4 cxd4 4. Qxd4 Nc6 5. Bb5 Qd7 6. Bxc6 bxc6 7. O-O e5 8. Qa4 Be7 9. Rd1 Qc7 10. c4 Nf6 11. Nc3 O-O 12. Bg5 Bg4 13. Rd3 h6 14. Bxf6 Bxf6 15. Qd1 Rad8 16. h3 Bh5 17. Qd2 Be7 18. g4 Bg6 19. Rd1 h5 20. Nh2 d5 21. cxd5 Bb4 22. Qe3 Bxc3 23. Rxc3 Qa5 24. Rxc6 Qxa2 25. b3 Rb8 26. Rc3 f6 27. Nf1 h4 28. Nd2 Rb7 29. Rdc1 Rfb8 30. Rc8+ Rxc8 31. Rxc8+ Kh7 32. Qc3 Qa6 33. Rc4 Be8 34. Nf3 Bb5 35. Rc5 Qa2 36. Nd2 Bd7 37. Ra5 1-0

[Event "otb"]
[Site "otb"]
[Date "2007.04.06"]
[Round "1"]
[White "Berger Steve"]
[Black "Vandrey Wolfgang"]
[Result "1-0"]
[WhiteElo "2402"]
[BlackElo "2149"]
[PlyCount "100"]
[Source "www.chesslib.no"]
[SourceDate "2004.05.04"]

1. e4 c5 2. Nf3 d6 3. d4 cxd4 4. Qxd4 Nc6 5. Bb5 Qd7 6. Qd3 a6 7. Bxc6 bxc6 8. b3 Nf6 9. O-O e5 10. c4 Be7 11. Ba3 Qe6 12. Rd1 O-O 13. Bxd6 Bxd6 14. Qxd6 Qxd6 15. Rxd6 Nxe4 16. Rxc6 Rd8 17. Na3 f6 18. Nc2 Nc3 19. Rc7 Bg4 20. Nh4 Rd2 21. Ne3 Rad8 22. h3 Be6 23. Nhf5 g6 24. Nh6+ Kh8 25. Re7 Bg8 26. Neg4 Rf8 27. Nxg8 Kxg8 28. Nh6+ Kh8 29. c5 Rc8 30. b4 Rxa2 31. Rxa2 Nxa2 32. Nf7+ Kg8 33. Nd6 Rc6 34. Rb7 Nc3 35. Rb8+ Kg7 36. Rb6 Ne2+ 37. Kf1 Nd4 38. Rb7+ Kg8 39. g4 Ne6 40. h4 a5 41. Rb6 Nd4 42. Rxc6 Nxc6 43. b5 Na7 44. Ke2 Kf8 45. Kd3 Ke7 46. Kc4 Ke6 47. Ne4 h5 48. gxh5 gxh5 49. c6 Nc8 50. Kc5 a4 1-0

[Event "Boylston CC Ch"]
[Site "Boylston"]
[Date "1994.??.??"]
[Round "8"]
[White "Chase, Christopher"]
[Black "Paschall, William M"]
[Result "1/2-1/2"]
[WhiteElo "2320"]
[BlackElo "2230"]
[PlyCount "120"]
[EventDate "1994.??.??"]
[Source "www.chesslib.no"]
[SourceDate "2004.05.04"]

1. e4 c5 2. Nf3 d6 3. d4 cxd4 4. Qxd4 Nc6 5. Bb5 Qd7 6. Bxc6 Qxc6 7. Nc3 e6 8. Bg5 Ne7 9. O-O-O Ng6 10. h4 f6 11. h5 Ne5 12. Nxe5 dxe5 13. Qd8+ Kf7 14. Rh3 Rg8 15. Rf3 Be7 16. Qa5 b6 17. Qxe5 Ke8 18. Qb5 Bd7 19. Qxc6 Bxc6 20. Bf4 b5 21. Re3 Bc5 22. Re2 b4 23. Nd5 Kf7 24. Be3 Bf8 25. Nf4 Be7 26. f3 Rgc8 27. Red2 a5 28. Ne2 e5 29. Kb1 Bb5 30. Ng3 g6 31. Rh1 a4 32. f4 exf4 33. Bxf4 Ra6 34. e5 g5 35. Be3 fxe5 36. Rd5 Bc4 37. Rxe5 b3 38. Rf5+ Kg8 39. Bxg5 bxc2+ 40. Kc1 Bc5 41. Ne4 Bd4 42. Nf6+ Kh8 43. Rh4 a3 44. bxa3 Bd3 45. Rxd4 Bxf5 46. Nd5 h6 47. Bf6+ Rxf6 48. Nxf6 Rb8 49. Re4 Kg7 50. g4 Bxe4 51. Nxe4 Rc8 52. g5 hxg5 53. Nxg5 Kf6 54. Nf3 Kf5 55. h6 Ke4 56. Ne1 Kd4 57. h7 Kc3 58. Nxc2 Rh8 59. Ne3 Rxh7 60. Nd1+ Kd3 1/2-1/2

[Event "BL2-O 9596"]
[Site "GER"]
[Date "1996.??.??"]
[Round "?"]
[White "Meier, Volker"]
[Black "Gerber, Peter"]
[Result "1-0"]
[WhiteElo "2295"]
[BlackElo "2240"]
[PlyCount "51"]
[EventDate "1995.10.??"]
[Source "www.chesslib.no"]
[SourceDate "2004.05.04"]

1. e4 c5 2. Nf3 d6 3. d4 cxd4 4. Qxd4 Nc6 5. Bb5 Qd7 6. Qd3 a6 7. Bxc6 bxc6 8. O-O e5 9. c4 a5 10. Rd1 Qc7 11. Nc3 Be7 12. Bg5 Ba6 13. Bxe7 Kxe7 14. Qe3 Bxc4 15. Nxe5 Be6 16. Rac1 dxe5 17. Nd5+ Bxd5 18. exd5 Kf8 19. Rxc6 Qb7 20. Rb6 Qd7 21. Qc5+ Ne7 22. d6 Nc8 23. Rb7 Qd8 24. Qc4 Qf6 25. d7 Nb6 26. Qc5+ 1-0